00739nam a2200181 a 450000100100000000500170001000800410002704000250006808200150009310000350010824501070014325000110025026000500026130000280031170000290033995201720036899900170054000004561720201002052341.0150416s1987 dr a 000 0 spa d aDO-SdBNPbspacBNPHU axxxxbxxxx1 aRoyuela, José Antonio93769110aTeoría literaria e historia de la literatura Española /cJosé Antonio Royuela, Gerardo Aparicio. a3a ed. aSanto Domingo :bColegial Quisqueyana,c1987. a295 p. :bil. ;c24 cm.12aAparicio, Gerardo973683 0010718PDaPDbPDcCTd2015-04-16iLF1l0oxxxx xxxxp45617-10r2020-06-25w2020-06-25yLFPDzPerteneció a la biblioteca personal de Erick Landestoy.ZNo se presta c45106d45106